01699nam a2200325 a 4500999001500000005001700015008004100032040002500073041000800098044000700106090001600113100002500129110013500154245010100289260007000390300001000460650004000470650002900510650002500539700002700564700003800591700002600629700002900655700003100684700001800715942001500733952014300748952024100891952024101132 c3020d302020200521110935.0140122b2002 ck ||||| |||| 00| 0 spa d aCO-BoIAVHcCO-BoIAVH aspa ack aIAvHb00226 aPulido, Astrid94629 bInstituto de Investigación de Recursos Biológicos Alexander von Humboldt. Grupo de Exploración y Monitoreo Ambiental9103062 aCaracterización biológica del sector de Sisavita, municipio de Cucutilla, Norte de Santander aVilla de Leyva (Boyacá)bInstituto Alexander von Humboldtc2002 a120 p 0aCaracterización biológica92833 0aMétodos de campo93855 0aVegetación9103063 aEstela, Felipe9103064 aMendoza Cifuentes, Humberto94236 aOspina, Mónica9422 aPrieto C., Adriana94632 aAlvarez Saa, Gustavo94633 aTobar L94634 cINFORME2z 00102z40708HUMBOLDTaVillabVillad2003-02-04ePrieto, Adrianal0oIAvH-00226p003887r2012-12-04 00:00:00tEj. 1w2012-12-04yINFORME 00102z40708HUMBOLDTaVillabVillad2003-02-04ePrieto, Adrianal0oIAvH-00226p003888r2012-12-04 00:00:00tEj. 2w2012-12-04yINFORMEzCaracterización biológica del sector de Sisavita, municipio de Cucutilla, Norte de Santander 00102z40708HUMBOLDTaVillabVillad2003-02-04ePrieto, Adrianal0oIAvH-00226p003889r2012-12-04 00:00:00tEj. 3w2012-12-04yINFORMEzCaracterización biológica del sector de Sisavita, municipio de Cucutilla, Norte de Santander